000 00613nam a22001937a 4500
999 _c14623
_d14623
008 161006b xxu||||| |||| 00| 0 eng d
020 _a9780077151621
050 _aTS 155 .J33 2011
100 _aJacobs, Robert F.
245 _aOperations and supply chain management /
_cF. Robert Jacobs and Richard B. Chase.
250 _a14th ed.
260 _aNew York:
_bMcGraw Hill,
_c2011.
300 _axxxv, 762 p. :
_bill. (some col.);
_c28 cm.
504 _aIncludes index.
650 _aProduction management
650 _aBusiness logistics
700 _aChase, Richard B.
942 _2lcc
_cBOOKS
_hTS 155 .J33 2011